000 00499nam a22001817a 4500
999 _c188829
_d188829
005 20220606105850.0
010 _aENG-133018
020 _c250.00
035 _aEN-116550
037 _bDBAD/PUB
082 _a230.8
100 _aSharma, Asha
245 _aFascinating temples of india/
_cAsha Sharma
260 _aDelhi
_bAsha Sharma
_c2012
270 _aC/o Kalesh Sharma, C-8/107, Keshavpuram
_bDelhi
_e110035
300 _a150p.
_c22cm(hbk)
942 _2ddc
_cEN
_mSHA
_h230.8